000 01529nam0a2200301 4500
001 RU\NLR\bibl\809557
005 20260409064122.0
010 _a5-16-001771-2
_9100000
035 _a(NLR Aleph) 000798639
090 _a1167109
_c1167109
100 _a20050614d2004 |||y0rusy50 ca
101 0 _arus
102 _aRU
105 _ay |||||||||
200 1 _aВодный кодекс Российской Федерации
_e[принят Государственной Думой 18 октября 1995 года
_e(с изм., внесенными Федеральными законами от 30.12.2001 № 194-ФЗ, от 24.12.2002 № 176-ФЗ; в ред. Федерального закона от 30.06.2003 № 86-ФЗ)]
210 _aМосква
_cИНФРА-М
_d2004
215 _a64, [1] с.
_d21
225 1 _aБиблиотека кодексов
_vВып. 10 (57)/2004
604 _171001$aРоссийская Федерация
_150011$aВодный кодекс$2nlr_sh2$3RU\NLR\AUTH\661263600
_aРоссийская Федерация
_tВодный кодекс
_92087437
_3RU\NLR\AUTH\661263600
606 1 _aВодный кодекс
_yРоссийская Федерация
_92087436
_3RU\NLR\auth\661263599
686 _aХ625.8-324.9(2Р)
740 1 _aРоссийская Федерация
_tЗаконы
_iВодный кодекс
_3RU\NLR\AUTH\880379501
_9425399
801 0 _aRU
_bNLR
_c20050614
_grcr
801 1 _aRU
_bNLR
_c20050614
942 _cBOOK
980 _aNB